000 00505nam a2200133Ia 4500
008 220217s9999 xx 000 0 und d
100 _aAntu Mariam Mammen
245 0 _aGenetic fidelity analysis of polyembryony designed multiple seedlings and their bud grafted counterparts in Hevea brasiliensis
260 _bMahatma Gandhi University
_a Kottayam
_c2013
500 _aCopy not available (Details from Biotech Dvn)
700 _aDr Rekha, K
850 _aRubber Research Institute of India
942 _cTS
999 _c74408
_d74408